00608nam a2200193Ia 4500008004100000020001800041082001700059100002600076245002900102250000700131260004000138300002300178500001900201600001500220650001500235942000700250952014000257999001700397240925s9999 xx 000 0 und d a9788126565085 a658.4012 PIJ aPijl, Patrick Van Der 0aDesign A Better Business aNA aNew York:bJohn Wiley& Sonsc,2016. a312p.b0fOriginal aIncludes Index aManagement aManagement cBK 001040708MANaUITUbUITUd2019-01-10eBook World Internationalg436.80l0o658.4012 PIJpQ13380r2024-09-25 07:16:50w2024-09-25yBK c15879d15879